Computer Networks (Record no. 952)

MARC details
000 -LEADER
fixed length control field 00344nam a2200145Ia 4500
008 - FIXED-LENGTH DATA ELEMENTS--GENERAL INFORMATION
fixed length control field 191201s2004 xx 000 0 und d
082 ## - DEWEY DECIMAL CLASSIFICATION NUMBER
Classification number 004.6
Item number TAC
100 ## - MAIN ENTRY--PERSONAL NAME
Personal name Tanenbaum, Andrews
245 #0 - TITLE STATEMENT
Title Computer Networks
250 ## - EDITION STATEMENT
Edition statement 4th
260 ## - PUBLICATION, DISTRIBUTION, ETC. (IMPRINT)
Place of publication, distribution, etc N.Delhi
Name of publisher, distributor, etc Pearson Education
Date of publication, distribution, etc 2004
300 ## - PHYSICAL DESCRIPTION
Extent 891
650 ## - SUBJECT ADDED ENTRY--TOPICAL TERM
Topical term or geographic name as entry element B.Tech(CSE)
942 ## - ADDED ENTRY ELEMENTS (KOHA)
Source of classification or shelving scheme Dewey Decimal Classification
Koha item type Text Books
942 ## - ADDED ENTRY ELEMENTS (KOHA)
-- 2
Holdings
Withdrawn status Lost status Source of classification or shelving scheme Damaged status Not for loan Collection code Home library Current library Date acquired Source of acquisition Cost, normal purchase price Bill Number Total Checkouts Full call number Acc. no. / Barcode Date last seen Bill Date Koha item type Checked out Date last borrowed
    Dewey Decimal Classification     B.Tech(CSE) PIET C-LIBRARY PIET C-LIBRARY 09/08/2005 UDH, Delhi 300.00 CM 4732   004.6 TAC 835 04/12/2019 22/08/2005 Text Books    
    Dewey Decimal Classification     B.Tech(CSE) PIET C-LIBRARY PIET C-LIBRARY 09/08/2005 UDH, Delhi 300.00 CM 4732   004.6 TAC 836 04/12/2019 22/08/2005 Text Books    
    Dewey Decimal Classification     B.Tech(CSE) PIET C-LIBRARY PIET C-LIBRARY 09/08/2005 UDH, Delhi 300.00 CM 4732 1 004.6 TAC 837 27/10/2020 22/08/2005 Text Books 10/11/2020 27/10/2020
    Dewey Decimal Classification     B.Tech(CSE) PIET C-LIBRARY PIET C-LIBRARY 09/08/2005 UDH, Delhi 300.00 CM 4732 1 004.6 TAC 838 17/06/2022 22/08/2005 Text Books   01/06/2022
    Dewey Decimal Classification     B.Tech(CSE) PIET C-LIBRARY PIET C-LIBRARY 09/08/2005 UDH, Delhi 300.00 CM 4732   004.6 TAC 839 04/12/2019 22/08/2005 Text Books    

Design & Developed by: PIET Central Library
R70 Miles Stone Pattikalyana Samalkha Panipat 132102
mail ID :- [email protected], Phone No:- 0180-2569700 Ex.216